Family killing fields: Honor rationales in the murder of women

Guardado en:  
Detalles Bibliográficos
Autores principales: Baker, Nancy V. (Autor) ; Cassidy, Margery A. (Autor) ; Gregware, Peter R. (Autor)
Tipo de documento: Electrónico Artículo
Lenguaje:Inglés
Publicado: 1999
En: Violence against women
Año: 1999, Volumen: 5, Número: 2, Páginas: 164-184
Acceso en línea: Volltext (lizenzpflichtig)
Verificar disponibilidad: HBZ Gateway

MARC

LEADER 00000caa a22000002c 4500
001 1912555492
003 DE-627
005 20250126055006.0
007 cr uuu---uuuuu
008 241217s1999 xx |||||o 00| ||eng c
024 7 |a 10.1177/107780129952005  |2 doi 
035 |a (DE-627)1912555492 
035 |a (DE-599)KXP1912555492 
040 |a DE-627  |b ger  |c DE-627  |e rda 
041 |a eng 
084 |a 2,1  |2 ssgn 
100 1 |a Baker, Nancy V.  |e VerfasserIn  |4 aut 
245 1 0 |a Family killing fields: Honor rationales in the murder of women 
264 1 |c 1999 
336 |a Text  |b txt  |2 rdacontent 
337 |a Computermedien  |b c  |2 rdamedia 
338 |a Online-Ressource  |b cr  |2 rdacarrier 
700 1 |a Cassidy, Margery A.  |e VerfasserIn  |4 aut 
700 1 |a Gregware, Peter R.  |e VerfasserIn  |4 aut 
773 0 8 |i Enthalten in  |t Violence against women  |d London [u.a.] : Sage, 1995  |g 5(1999), 2, Seite 164-184  |h Online-Ressource  |w (DE-627)324827695  |w (DE-600)2031375-5  |w (DE-576)27681732X  |x 1552-8448  |7 nnas 
773 1 8 |g volume:5  |g year:1999  |g number:2  |g pages:164-184 
787 0 8 |i Forschungsdaten  |a Fox, James Alan  |t Uniform Crime Reports (United States): Supplementary Homicide Reports, 1976-1994  |d [Erscheinungsort nicht ermittelbar] : [Verlag nicht ermittelbar], 1996  |w (DE-627)1840062150 
856 4 0 |u https://doi.org/10.1177/107780129952005  |x Resolving-System  |z lizenzpflichtig  |3 Volltext  |7 1 
935 |a mkri 
951 |a AR 
ELC |a 1 
LOK |0 000 xxxxxcx a22 zn 4500 
LOK |0 001 4637520991 
LOK |0 003 DE-627 
LOK |0 004 1912555492 
LOK |0 005 20241217044455 
LOK |0 008 241217||||||||||||||||ger||||||| 
LOK |0 035   |a (DE-2619)ICPSR2723 
LOK |0 040   |a DE-2619  |c DE-627  |d DE-2619 
LOK |0 092   |o n 
LOK |0 852   |a DE-2619 
LOK |0 852 1  |9 00 
LOK |0 935   |a nacp 
LOK |0 939   |a 17-12-24  |b l01 
ORI |a SA-MARC-krimdoka001.raw